|
|
|
|
| LEADER |
00000cas a2200000 a 4500 |
| 001 |
vtls008833253 |
| 003 |
SK-MaSNL |
| 005 |
20260228161102.0 |
| 008 |
060725c20039999xo mr|p 0 b0slo |
| 022 |
|
|
|a 1336-3867
|
| 040 |
|
|
|a SNK
|b slo
|c SNK
|e AACR2
|
| 041 |
0 |
|
|a slo
|
| 044 |
|
|
|a xo
|c SK
|
| 072 |
|
7 |
|a 793
|x Spoločenské zábavy
|2 konspekt
|
| 080 |
|
|
|a 379.8
|2 2011
|
| 080 |
|
|
|a 793.7
|2 2011
|
| 080 |
|
|
|a 050
|2 2001
|
| 080 |
|
|
|a 79(051)
|2 2011
|
| 210 |
0 |
|
|a Dobré kríž.
|
| 222 |
|
0 |
|a Dobré krížovky
|
| 245 |
0 |
0 |
|a Dobré krížovky
|b 15 dobrých krížoviek pre chvíle pohody
|
| 260 |
|
|
|a Bratislava
|b Nairam
|c 2003-
|
| 260 |
3 |
|
|3 6/2016-
|a Bratislava
|b Marian Nagy - Nairam
|
| 300 |
|
|
|a zv.
|c 21 cm
|
| 310 |
|
|
|a 1x mesačne
|
| 362 |
0 |
|
|a Č. 1 (2003) ; roč. 2, č. 1 (2004)-
|z BA001/2015
|
| 500 |
|
|
|a Popis podľa: č. 4 (2004)-
|
| 500 |
|
|
|a Od č. 6 (2015)- podnázov: 16 krížoviek, kreslené vtipy, zaujímavosti
|
| 500 |
|
|
|a Evidenčné číslo: EV 3359/09
|
| 500 |
|
|
|a Šéfred.: Č. 4 (2004)-, Marian Nagy
|
| 500 |
|
|
|a Ročník je uvádzaný v tiráži
|
| 500 |
|
|
|a Podľa Agentúry ISSN časopis vychádza od r. 2003
|
| 500 |
|
|
|a V r. 2003 vyšlo len č. 1
|
| 500 |
|
|
|a Roky 2023 a 2024 majú uvedený rovnaký ročník 21
|
| 650 |
0 |
7 |
|a voľný čas
|2 SNKPH
|9 3355
|
| 650 |
0 |
7 |
|a krížovky
|2 SNKPH
|9 3313
|
| 655 |
|
7 |
|a zábavné časopisy
|2 SNKPH
|9 145589
|
| 700 |
1 |
|
|a Nagy, Marian
|4 pbd
|4 pbl
|9 45954
|
| 910 |
|
|
|a snk
|
| 999 |
|
|
|c 4261
|d 6191
|
| 952 |
|
|
|t č. 1-12, neúplné
|a SNK
|b SNK
|y PREZ
|7 0
|p 17A1522792
|o snkČSC 3730/19/2021
|i snk2024/4075
|8 0
|z Chýba č. 4
|0 0
|1 0
|4 0
|d 2024-03-11
|l 0
|r 2026-02-21 19:48:03
|w 2026-02-21
|
| 952 |
|
|
|t č. 1-12, neúplné
|a SNK
|b SNK
|y PREZ
|7 0
|p 17A1522793
|o snkČSC 3730/20/2022
|i snk2024/4076
|8 0
|z Chýba č. 1
|0 0
|1 0
|4 0
|d 2024-03-11
|l 0
|r 2026-02-21 19:48:03
|w 2026-02-21
|
| 952 |
|
|
|t č. 1-12
|a SNK
|b SNK
|y PREZ
|7 0
|p 17A1522794
|o snkČSC 3730/21/2023
|i snk2024/4077
|8 0
|0 0
|1 0
|4 0
|d 2024-03-11
|l 0
|r 2026-02-21 19:48:03
|w 2026-02-21
|
| 952 |
|
|
|t č. 1-12
|a SNK
|b SNK
|c SNK_KF
|y PREZ
|7 4
|p 17A1559047
|o snkČSC 3730/21/2024
|i snk2026/2383
|8 0
|z Rok 2024 má uvedený chybný ročník 21
|0 0
|1 0
|4 0
|d 2026-02-13
|l 0
|r 2026-02-21 20:04:18
|w 2026-02-21
|
| 952 |
|
|
|t č. 1-12
|a SNK
|b SNK
|c SNK_KF
|y PREZ
|7 4
|p 17A1559048
|o snkČSC 3730/22/2025
|i snk2026/2384
|8 0
|0 0
|1 0
|4 0
|d 2026-02-13
|l 0
|r 2026-02-21 20:04:18
|w 2026-02-21
|
| 952 |
|
|
|t č. 1-12
|a SNK
|b SNK
|y PREZ
|7 0
|p 17A1342467
|o snkČSC 3730/16/2018
|i snk2019/2059
|8 0
|0 0
|1 0
|4 0
|d 2019-01-24
|l 0
|r 2026-02-21 20:38:36
|w 2026-02-21
|
| 952 |
|
|
|t č. 1-12
|a SNK
|b SNK
|y PREZ
|7 0
|p 17A1436184
|o snkČSC 3730/17/2019
|i snk2021/17489
|8 0
|0 0
|1 0
|4 0
|d 2021-11-08
|l 0
|r 2026-02-21 21:39:56
|w 2026-02-21
|
| 952 |
|
|
|t č. 1-12
|a SNK
|b SNK
|y PREZ
|7 0
|p 17A1436185
|o snkČSC 3730/18/2020
|i snk2021/17491
|8 0
|0 0
|1 0
|4 0
|d 2021-11-08
|l 0
|r 2026-02-21 21:39:56
|w 2026-02-21
|
| 952 |
|
|
|t č. 1-12, neúplné
|a SNK
|b SNK
|y PREZ
|7 0
|p 17A1325174
|o snkČSC 3730/2/2004
|i snk2018/12478
|8 0
|z Chýba č. 1, 2, 3
|0 0
|1 0
|4 0
|d 2018-06-08
|l 0
|r 2026-02-21 22:12:51
|w 2026-02-21
|
| 952 |
|
|
|t č. 1-12
|a SNK
|b SNK
|y PREZ
|7 0
|p 17A1325173
|o snkČSC 3730/3/2005
|i snk2018/12479
|8 0
|0 0
|1 0
|4 0
|d 2018-06-08
|l 0
|r 2026-02-21 22:12:51
|w 2026-02-21
|
| 952 |
|
|
|t č. 1-12
|a SNK
|b SNK
|y PREZ
|7 0
|p 17A1325172
|o snkČSC 3730/4/2006
|i snk2018/12480
|8 0
|0 0
|1 0
|4 0
|d 2018-06-08
|l 0
|r 2026-02-21 22:12:51
|w 2026-02-21
|
| 952 |
|
|
|t č. 1-12
|a SNK
|b SNK
|y PREZ
|7 0
|p 17A1325171
|o snkČSC 3730/5/2007
|i snk2018/12481
|8 0
|0 0
|1 0
|4 0
|d 2018-06-08
|l 0
|r 2026-02-21 22:12:51
|w 2026-02-21
|
| 952 |
|
|
|t č. 1-12
|a SNK
|b SNK
|y PREZ
|7 0
|p 17A1325170
|o snkČSC 3730/6/2008
|i snk2018/12486
|8 0
|0 0
|1 0
|4 0
|d 2018-06-08
|l 0
|r 2026-02-21 22:12:51
|w 2026-02-21
|
| 952 |
|
|
|t č. 1-12
|a SNK
|b SNK
|y PREZ
|7 0
|p 17A1325169
|o snkČSC 3730/7/2009
|i snk2018/12488
|8 0
|0 0
|1 0
|4 0
|d 2018-06-08
|l 0
|r 2026-02-21 22:12:51
|w 2026-02-21
|
| 952 |
|
|
|t č. 1-12
|a SNK
|b SNK
|y PREZ
|7 0
|p 17A1325168
|o snkČSC 3730/8/2010
|i snk2018/12491
|8 0
|0 0
|1 0
|4 0
|d 2018-06-08
|l 0
|r 2026-02-21 22:12:51
|w 2026-02-21
|
| 952 |
|
|
|t č. 1-12
|a SNK
|b SNK
|y PREZ
|7 0
|p 17A1326395
|o snkČSC 3730/9/2011
|i snk2018/12498
|8 0
|0 0
|1 0
|4 0
|d 2018-06-08
|l 0
|r 2026-02-21 22:12:51
|w 2026-02-21
|
| 952 |
|
|
|t č. 1-12
|a SNK
|b SNK
|y PREZ
|7 0
|p 17A1326396
|o snkČSC 3730/10/2012
|i snk2018/12500
|8 0
|0 0
|1 0
|4 0
|d 2018-06-08
|l 0
|r 2026-02-21 22:12:51
|w 2026-02-21
|
| 952 |
|
|
|t č. 1-12, neúplné
|a SNK
|b SNK
|y PREZ
|7 0
|p 17A1326397
|o snkČSC 3730/11/2013
|i snk2018/12501
|8 0
|z Chýba č. 1, 6
|0 0
|1 0
|4 0
|d 2018-06-08
|l 0
|r 2026-02-21 22:12:51
|w 2026-02-21
|
| 952 |
|
|
|t č. 1-12
|a SNK
|b SNK
|y PREZ
|7 0
|p 17A1326398
|o snkČSC 3730/12/2014
|i snk2018/12502
|8 0
|0 0
|1 0
|4 0
|d 2018-06-08
|l 0
|r 2026-02-21 22:12:51
|w 2026-02-21
|
| 952 |
|
|
|t č. 1-12, neúplné
|a SNK
|b SNK
|y PREZ
|7 0
|p 17A1326399
|o snkČSC 3730/13/2015
|i snk2018/12505
|8 0
|z Chýba č. 4, 10
|0 0
|1 0
|4 0
|d 2018-06-08
|l 0
|r 2026-02-21 22:12:52
|w 2026-02-21
|
| 952 |
|
|
|t č. 1-12
|a SNK
|b SNK
|y PREZ
|7 0
|p 17A1326400
|o snkČSC 3730/14/2016
|i snk2018/12506
|8 0
|0 0
|1 0
|4 0
|d 2018-06-08
|l 0
|r 2026-02-21 22:12:52
|w 2026-02-21
|
| 952 |
|
|
|t č. 1-12
|a SNK
|b SNK
|y PREZ
|7 0
|p 17A1326401
|o snkČSC 3730/15/2017
|i snk2018/12508
|8 0
|0 0
|1 0
|4 0
|d 2018-06-08
|l 0
|r 2026-02-21 22:12:52
|w 2026-02-21
|